000 01637nam a2200277 a 4500
005 20180803165335.0
008 131028b ck ||||| |||| 00| 0 spa d
041 _aspa
044 _ack
082 _a333.9516
_bA28p
110 _bAsociación Red Colombiana de Reservas Naturales de la Sociedad Civil
_992400
245 _aProyecto conservación y uso sostenible de la biodiversidad en los andes colombianos
_bInforme anual 2004
_cAlan Aguia Agudelo ...[et al]. compilación y edición de textos Carmen Lucia Jaramillo Hoyos, Claudia María Villa García, Liliana Rodríguez Salamanca ; fotografías Francisco Antonio Nieto Montaño.
260 _aBogotá
_bInstituto Alexander von Humboldt
_cc2005
300 _a134 p.
_bil., (col), mapas
_c28 cm.
500 _aProyecto Andes
520 _aSe resume un proyecto que busca promover la conservación y el uso sostenible de la biodiversidad en los Andes colombianos, a través del fortalecimiento de las iniciativas privadas en el manejo de las reservas naturales de la sociedad civil de creación de nuevas reservas en cuatro regionaes donde operan los nodos de la RED.
650 1 6 _aConservación de la diversidad biológica
_vInformes
_zColombia
_92201
650 _aConservación de los recursos naturales
_vInformes
_zColombia
_92202
650 _aUso sostenible de la biodiversidad
_92196
650 _aEstrategias de conservación
_91307
700 1 2 _aAguía Agudelo, Alan
_92203
700 1 2 _aVilla García, Claudia María
_ded
_92204
700 1 2 _aGaitán Uribe, María Margarita
_ded
_92205
700 1 2 _aNieto Montaño, Francisco Antoni
_dfot
_92206
942 _2ddc
_cImpreso
_01
999 _c6060
_d6060